000 00317nam a2200133Ia 4500
008 231129s1980||||xx |||||||||||||| ||spa||
040 _bspa
082 _a813 K89p
100 _aKrantz Judith
245 0 _aPrincesa Daisy
260 _c1980
264 _aBogotá Colombia : Circulo de Lectores
942 _2ddc
_cBKS
999 _c23200
_d23200